Shikshar darshanik vitti (Record no. 9922)

MARC details
000 -LEADER
fixed length control field 00634cam a2200241ua 4500
001 - CONTROL NUMBER
control field 11026
005 - DATE AND TIME OF LATEST TRANSACTION
control field 20260515114709.0
008 - FIXED-LENGTH DATA ELEMENTS--GENERAL INFORMATION
fixed length control field 190801n ii |||gr||||Z||||||asm
020 ## - INTERNATIONAL STANDARD BOOK NUMBER
International Standard Book Number 9788191098341
040 ## - CATALOGING SOURCE
Transcribing agency MAIN
041 ## - LANGUAGE CODE
Language code of text/sound track or separate title asm
082 ## - DEWEY DECIMAL CLASSIFICATION NUMBER
Classification number 370.12
100 ## - MAIN ENTRY--PERSONAL NAME
Personal name Beda Kumar Chaliha,
Relator term Author.,
245 ## - TITLE STATEMENT
Title Shikshar darshanik vitti
Statement of responsibility, etc. By Beda Kumar Chaliha
250 ## - EDITION STATEMENT
Edition statement 8th rev. ed.
260 ## - PUBLICATION, DISTRIBUTION, ETC.
Place of publication, distribution, etc. Jorhat:
Name of publisher, distributor, etc. Bidya bhawan,
Date of publication, distribution, etc. 2019.
300 ## - PHYSICAL DESCRIPTION
Extent 285p.
653 ## - INDEX TERM--UNCONTROLLED
Uncontrolled term Education
653 ## - INDEX TERM--UNCONTROLLED
Uncontrolled term Philosophical foundations of education
700 ## - ADDED ENTRY--PERSONAL NAME
Personal name Tarun Saikia,
Relator term Author.
700 ## - ADDED ENTRY--PERSONAL NAME
Personal name Runu Bora Saikia,
Relator term Author.
942 ## - ADDED ENTRY ELEMENTS (KOHA)
Koha item type Books
Holdings
Withdrawn status Lost status Damaged status Not for loan Home library Current library Shelving location Date acquired Total checkouts Full call number Barcode Date last seen Date last checked out Copy number Price effective from Koha item type Source of classification or shelving scheme Collection Cost, normal purchase price
        Naharkatiya College Library Naharkatiya College Library General stacks 09/19/2020 28 370.12Educational theory | CHA 28004 11/28/2025 10/16/2025 1 09/19/2020 Books      
        Naharkatiya College Library Naharkatiya College Library General stacks 09/19/2020 35 370.12Educational theory | CHA 28005 11/22/2025 10/08/2025 2 09/19/2020 Books      
        Naharkatiya College Library Naharkatiya College Library General stacks 09/19/2020 26 370.12Educational theory | CHA 28006 12/13/2024 11/20/2024 3 09/19/2020 Books      
        Naharkatiya College Library Naharkatiya College Library General stacks 09/19/2020 23 370.12Educational theory | CHA 28007 11/28/2022 11/14/2022 4 09/19/2020 Books      
        Naharkatiya College Library Naharkatiya College Library General stacks 09/19/2020 37 370.12Educational theory | CHA 28008 11/22/2025 10/24/2025 5 09/19/2020 Books      
        Naharkatiya College Library Naharkatiya College Library General stacks 11/17/2021 6 370.12 CHA 28719 12/07/2022 02/26/2022 6 11/17/2021 Books Dewey Decimal Classification   220.00